Οι σκοτεινοί αιώνες του Βυζαντίου = The dark centuries of Byzantium : (7th - 9th c.) : (7ος - 9ος αι.)

Αποθηκεύτηκε σε:
Λεπτομέρειες βιβλιογραφικής εγγραφής
Άλλοι συγγραφείς: Κουντούρα-Γαλάκη, Ελεωνόρα (Επιμελητής έκδοσης)
Μορφή: Βιβλίο
Γλώσσα:Greek
Δημοσίευση: Αθήνα : Εθνικό Ίδρυμα Ερευνών, 2001
Σειρά:Διεθνή συμπόσια ; ; 9
Θέματα:
Ετικέτες: Προσθήκη ετικέτας
Δεν υπάρχουν, Καταχωρήστε ετικέτα πρώτοι!

MARC

LEADER 00000cam a2200000 i 4500
001 1/59238
008 020305s2001 gre d
020 |a 960-371-015-6 
035 |l 10000467 
040 |a GR-MY-UA  |b gre  |e aacr 
041 0 |a gre 
082 0 |a 938.3 
245 1 3 |a Οι σκοτεινοί αιώνες του Βυζαντίου =  |b The dark centuries of Byzantium : (7th - 9th c.) : (7ος - 9ος αι.) /  |c επιμέλεια έκδοσης Ελεωνόρα Κουντουρά-Γαλάκη 
260 |a Αθήνα :   |b Εθνικό Ίδρυμα Ερευνών,   |c 2001 
300 |a 462 σ. 
490 1 |a Διεθνή συμπόσια  |v ; 9 
651 0 |a Byzantine Empire  |x History. 
700 1 |4 edt  |a Κουντούρα-Γαλάκη, Ελεωνόρα. 
830 0 |a Διεθνή συμπόσια ;  |v ; 9 
852 |a INST  |b RHODES  |e 20020305  |h 938.3 ΣΚΟ  |p 005400016623  |q 005400016623  |t BK  |y 0 
901 |a BIBL4-2002-1 
909 |a Ρ  |b 085109 
970 |a ΚΟΥΛΑΚΙΟΤΗ  |b ΛΙΤΣΑ  |z 2002/03/05